| 000 | 00802nam a2200241 i 4500 | ||
|---|---|---|---|
| 001 | 180751 | ||
| 003 | ES-MaACL | ||
| 005 | 20230930162524.0 | ||
| 008 | 120709s2009 sp aco |||| | spa d | ||
| 020 | _a978-84-92711-28-4 | ||
| 080 | _a94(460.283 C.) | ||
| 100 | 1 |
_aSaugar, Pedro. _9150912 |
|
| 245 | 1 | 0 |
_aDesempolvando / _cPedro Saugar Muñoz. |
| 260 |
_aCuenca : _bDiputación Provincial de Cuenca, _c[2009] |
||
| 300 |
_a468 p. : _bil., fot. ; _c21 x 21 cm. |
||
| 490 | 1 |
_aCreación literaria ; _v25 |
|
| 651 | 7 |
_aCuenca- _xHistoria. _9137112 |
|
| 710 | 1 |
_aCuenca (Provincia). _bDiputación Provincial. _93346 |
|
| 830 | 0 |
_aCreación literaria ; _v25 _9178462 |
|
| 852 |
_aES-MaACL _jA-12124 _9187668 _bR.146856 _cDEPO1 _dOlim: N-5129 |
||
| 942 |
_2udc _cMONOGRAFIA |
||
| 999 |
_c180751 _d180751 |
||